| 000 -LEADER |
| fixed length control field |
00379pab a2200157 454500 |
| 008 - FIXED-LENGTH DATA ELEMENTS--GENERAL INFORMATION |
| fixed length control field |
180718b xxu||||| |||| 00| 0 eng d |
| 100 ## - MAIN ENTRY--PERSONAL NAME |
| Personal name |
Shenoi, M.P.V. |
| 245 ## - TITLE STATEMENT |
| Title |
Draft housing policy - an appraisal |
| 650 ## - SUBJECT ADDED ENTRY--TOPICAL TERM |
| Topical term or geographic name entry element |
India |
| 650 ## - SUBJECT ADDED ENTRY--TOPICAL TERM |
| Topical term or geographic name entry element |
Appraisal |
| 650 ## - SUBJECT ADDED ENTRY--TOPICAL TERM |
| Topical term or geographic name entry element |
Housing Policy |
| 650 ## - SUBJECT ADDED ENTRY--TOPICAL TERM |
| Topical term or geographic name entry element |
Housing Policy - India |
| 700 ## - ADDED ENTRY--PERSONAL NAME |
| Personal name |
S.K., Malik |
| 773 ## - HOST ITEM ENTRY |
| Main entry heading |
Nagarlok |
| 909 ## - |
| -- |
2040 |